[Event "City of Adelaide"]
[Site "Adelaide"]
[Date "1999.08.17"]
[Round "5.2"]
[White "Hester, David"]
[Black "Sheldrick, Kevin"]
[Result "1-0"]
[WhiteElo "1623"]
[BlackElo "1860"]
[Annotator "Fritz 5.00"]
[PlyCount "71"]
[EventDate "1999.07.20"]
[EventType "swiss"]
[EventRounds "9"]
[EventCountry "AUS"]

1. d4 Nf6 2. c4 c5 3. d5 b5 4. cxb5 a6 {Benko Gambit} 5. bxa6 g6 6. Nc3 Bxa6 7.
e4 Bxf1 8. Kxf1 d6 9. g3 Bg7 10. Kg2 O-O 11. Nge2 (11. f3 Nbd7 12. Nge2 Qa5 13.
g4 Rfb8 14. h4 h5 15. Ng3 Ne5 16. gxh5 Nxh5 17. Nxh5 gxh5 18. Rg1 Ng6 19. Qe1
Bd4 20. Rf1 Bf6 21. Rh1 Kh7 22. Qe3 Bg7 23. f4 Bh6 24. Qf3 Rg8 25. Kh3 Qa6 {
Skok,B-Krasevec,A/Ljubljana op 1994/TD 94\02/1-0 (44)}) (11. Nf3 Nbd7 12. h3 (
12. Re1 Ra6 13. a4 Qb8 14. Bd2 Ne8 15. Qc2 Nc7 16. a5 Ra7 17. Nd1 Na6 18. Ne3
Qxb2 19. Qxb2 Bxb2 20. Rab1 Rb8 21. Nc4 Rab7 22. Rxb2 Rxb2 23. Nxb2 Rxb2 24.
Bc3 Rc2 25. Bd2 Rb2 26. Bc3 Rc2 27. Bd2 Rb2 {
1/2-1/2 Bator,R-Cramling,P/Malmo 1996/TUR 96}) 12... Qb6 (12... Qa5 13. Re1
Rfb8 14. Re2 Ne8 15. Qc2 Nc7 16. Bd2 Qa6 17. Bf4 Nb5 18. Nxb5 Qxb5 19. e5 dxe5
20. Nxe5 Nxe5 21. Bxe5 Bxe5 22. Rxe5 Qxb2 23. Qxb2 Rxb2 24. Rxe7 Rd2 25. Rd7
Rb8 26. Kf3 Rbb2 27. Kf4 Rxf2+ 28. Ke5 Rb6 29. a3 Re2+ 30. Kf4 Rf6+ 31. Kg5 Kg7
32. Kh4 h6 33. Rc1 Re4+ 34. g4 Rf3 35. Rh1 Ree3 {
0-1 Moutousis,K-West,G/Moscow olm 1994/EXP 44}) 13. Re1 Rfb8 14. Re2 Qa6 15.
Qc2 $5 {N} Nb6 16. a4 $8 Nfd7 17. Ra2 Nc4 $2 18. b3 $16 Nce5 19. Nxe5 Nxe5 20.
Nb5 $1 c4 21. Bf4 $1 Rc8 22. Bxe5 cxb3 23. Qxb3 Bxe5 24. Rec2 Rxc2 $8 25. Qxc2
Rc8 26. Qe2 Qa5 27. Rc2 Rxc2 28. Qxc2 Qe1 29. Na7 $1 $18 Bc3 30. Nc6 Kf8 31.
Qd3 Bd2 32. Qd4 f6 33. h4 h5 34. Qd3 Kf7 35. Qf3 $1 Qa1 36. g4 Qxa4 37. gxh5
gxh5 38. Qxh5+ Kg7 39. Qg4+ Kf8 40. Qe6 {
1-0 Spassky,B-Koch,J/FRA-ch 1991/[Stohl]}) 11... Na6 12. Rb1 Qb6 $146 (12...
Qd7 13. b3 Nc7 14. f3 Rfb8 15. Qc2 Nb5 16. Nxb5 Qxb5 17. a4 Qa6 18. Nc3 c4 19.
b4 Nd7 20. a5 Ne5 21. Bd2 Nd3 22. Na4 Bd4 23. b5 Rxb5 24. Rxb5 Qxb5 25. Rb1 Qa6
26. Nb6 Rb8 27. Bh6 Bxb6 28. Rxb6 Rxb6 29. axb6 {
0-1 Goldin,A-Bareev,E/URS-FL Irkutsk 1986/TD 86\01}) 13. a3 Nc7 14. b4 cxb4 15.
Rxb4 Qa6 16. Nd4 Nd7 17. Ncb5 Nxb5 18. Nxb5 Rab8 19. Qe2 Nc5 20. Rd1 Rb7 21.
Bb2 $14 (21. Be3 Rbb8 $16) 21... Bxb2 22. Qxb2 Rfb8 23. Nd4 Rxb4 ({Worse is} 
23... Nxe4 24. Nc6 Rxb4 25. axb4 $18 (25. Nxb4 $6 Qa8 $11)) 24. axb4 {
The passed pawn on b4 will quickly become a dangerous weapon} Nxe4 $18 (24...
Nd3 $142 $5 25. Qc3 Nxb4 $14) 25. Nc6 Re8 26. b5 (26. Ra1 Qb5 27. Ra5 Qb6 28.
Nxe7+ Kf8 $18) 26... Qb7 27. Ra1 {With the idea b6} Nf6 28. Ra7 Qb6 29. Rxe7 (
29. Nxe7+ $6 Kg7 30. Ra6 Qb7 $18) 29... Rxe7 30. Nxe7+ (30. Qxf6 $6 {
is a useless try} Re4 31. Ne7+ Kf8 $11) 30... Kg7 31. Nc6 (31. g4 $142 {
and White takes home the point} Kf8 32. Qxf6 Qxb5 33. Qxd6 $18) 31... Qc5 $4 {
Black crumbles in face of a dire situation} (31... g5 $18) 32. Ne7 $11 (32. b6
$142 {and White has prevailed} Qxd5+ 33. f3 $18) 32... Qb6 33. g4 g5 34. h4 $1
{better than holding on to the material} h6 (34... gxh4 {
a last effort to resist the inevitable} 35. g5 h3+ 36. Kxh3 Kf8 $18) 35. Nf5+
Kf8 (35... Kg6 {cannot change what is in store for ?} 36. h5+ Nxh5 37. Qh8
Qxf2+ 38. Kxf2 f6 39. Qg8+ Ng7 40. Qxg7#) 36. Qxf6 (36. Qxf6 Qxf2+ 37. Kxf2
gxh4 38. Qd8#) 1-0

[Event "City of Adelaide"]
[Site "Adelaide"]
[Date "1999.08.17"]
[Round "5.3"]
[White "Riches, L John"]
[Black "Thiyagarajah, Anand"]
[Result "0-1"]
[WhiteElo "1720"]
[BlackElo "1115"]
[Annotator "Fritz 5.00"]
[PlyCount "98"]
[EventDate "1999.07.20"]
[EventType "swiss"]
[EventRounds "9"]
[EventCountry "AUS"]

1. d4 d5 2. c4 e6 3. Nc3 Nf6 4. cxd5 exd5 5. Bg5 {
Queen's Gambit (Exchange Variation)} Be7 6. e3 O-O 7. Bd3 c6 8. Qc2 h6 (8...
Nbd7 9. Nge2 Re8 10. O-O Nf8 11. f3 Ng6 (11... Nh5 12. Bxe7 Rxe7 13. e4 dxe4
14. fxe4 Ne6 15. d5 Nc5 16. Rad1 Qb6 17. Kh1 Bg4 18. Bc4 Rf8 19. Rd4 Re5 20.
Qd2 Bxe2 21. Bxe2 Nf6 22. Bf3 Rfe8 23. d6 Ne6 24. Rd3 Rd8 25. Rd1 h6 26. b3 Nc5
27. Rd4 Ne6 28. Rd3 Nc5 29. Rd4 Ne6 {
1/2-1/2 Sokolov,I-Van der Sterren,P/NLD-ch 1995/TUR 95}) 12. Rae1 h6 13. Bxh6
gxh6 14. Bxg6 fxg6 15. Qxg6+ Kh8 16. e4 Nh7 17. Nf4 Bg5 18. exd5 Rg8 19. Qe4
Qd6 20. Nh5 Nf6 21. Nxf6 Bxf6 22. Kh1 Bd7 23. Qe3 Bg7 24. Ne4 Qg6 25. Nc5 Rae8
26. Qd2 Bc8 27. dxc6 Qxc6 28. Ne4 Rd8 29. Rc1 Qb6 30. d5 Qxb2 31. Rc2 Qb6 {
0-1 Matamoros,C-Barua,D/Moscow olm 1994/EXP 44}) 9. Bxf6 Bxf6 10. Nge2 Re8 11.
O-O Nd7 12. b4 Nf8 13. b5 Ne6 $146 (13... Bd7 14. bxc6 Bxc6 15. Rab1 g6 16. Bb5
Qd7 17. Nf4 Qd6 18. Bxc6 bxc6 19. Nd3 Ne6 20. Na4 Reb8 21. Nac5 Rb6 22. a4 Rxb1
23. Rxb1 a5 24. Nxe6 Qxe6 25. Rb6 Rc8 26. Nc5 Qe8 27. g3 Be7 28. Nb3 Bb4 29.
Ra6 Qd8 30. Rxc6 Rxc6 31. Qxc6 Kf8 32. h4 h5 33. Kf1 Ke7 34. Ke2 Qd6 35. Qb5
Qd7 36. Qxd7+ Kxd7 37. Kf3 Kd6 38. Nc1 f6 39. Nd3 Kc6 40. Nf4 Bd6 41. Nxg6 Kd7
42. Nf4 Bxf4 43. Kxf4 Ke6 44. f3 {1-0 Taha,A-Adai,R/Dubai olm 1986/TD 86\02}) (
13... Bd7 14. Rab1 $11) 14. bxc6 bxc6 {Prevents intrusion on b5.} 15. Na4 Bd7
16. Rac1 Rb8 17. Nc5 (17. Rb1 Qa5 $14) 17... Nxc5 18. Qxc5 Be7 19. Qc2 Qc7 20.
e4 $15 (20. Nc3 Bd6 21. Nxd5 Bxh2+ 22. Kh1 Qd8 23. Kxh2 Qh4+ 24. Kg1 cxd5 $11)
20... Ba3 $11 (20... dxe4 21. Bxe4 Bd6 22. h3 $15) 21. Rb1 $15 (21. exd5 Bxc1
22. Rxc1 Rbc8 $11) 21... dxe4 22. Bxe4 c5 23. Bd3 Rbc8 $11 (23... Qd6 24. dxc5
Qxc5 25. Ng3 $15) 24. Qb3 Bb4 25. Rbc1 Qa5 26. Nf4 $17 (26. Bc4 $142 $5 {
should be examined more closely} Kh8 27. Qf3 $15) 26... Ba4 $15 (26... cxd4 $5
27. Bg6 Rf8 28. Rxc8 Bxc8 $17) 27. Qd5 Bd2 28. Qf5 Bxc1 $4 $18 {
with this move Black loses his initiative} (28... Bxf4 $142 {
and Black can hope to survive} 29. Qxf4 cxd4 30. Rxc8 Rxc8 $15) 29. Qh7+ Kf8
30. Nd5 $1 {the final blow. The mate threat is Qh8} f5 31. Qxf5+ Kg8 32. Nf6+
$11 (32. Qh7+ $142 $5 Kf7 33. Bc4 $16) 32... gxf6 33. Qg6+ Kf8 34. Qxf6+ Kg8
35. Bc4+ Kh7 36. d5 $4 $19 {releasing the pressure on the opponent} (36. Bd3+
$142 {was possible} Kg8 37. Bc4+ Kh7 38. Bd3+ Kg8 $11) 36... Bg5 $4 $17 {
Black has let it slip away} (36... Rc7 $142 {
and the scales tip in favour of Black} 37. Bd3+ Kg8 $19) 37. Bd3+ Kg8 38. Qg6+
Kf8 39. Qf5+ $4 {an oversight. But White was lost anyway.} (39. f4 Re1 $1 {
Black moves ahead of the opponent} 40. fxg5+ Rxf1+ 41. Bxf1 $17) 39... Ke7 40.
Rb1 (40. f4 {hoping against hope} Bh4 41. Qe6+ Kd8 42. Qxh6 $19) 40... Kd8 41.
Be4 (41. Qg6 {desperation} c4 42. Qd6+ Bd7 43. Rb7 $19) 41... Qc3 (41... Bc2
$142 $1 {and Black has reached his goal} 42. Qg6 Rxe4 43. Rf1 $19) 42. h4 (42.
g3 {cannot undo what has already been done} Bd7 43. Qg6 Qe5 $19) 42... Bd7 (
42... Bxh4 {might be the shorter path} 43. f3 $19) 43. Qh7 (43. Qf3 {
cannot change destiny} Qxf3 44. Bxf3 Bxh4 $19) 43... Re7 (43... Bxh4 $142 {
and the rest is a matter of technique} 44. f3 $19) 44. Qg6 (44. Qg8+ {
is not much help} Be8 $1 {sealing the opponent's fate} 45. hxg5 Rxe4 46. gxh6
Re1+ 47. Rxe1 Qxe1+ 48. Kh2 Qe5+ 49. Qg3 Qf6 $19) 44... Rg7 (44... Bxh4 $5 {
seems even better} 45. f3 Qe3+ 46. Kh2 $19) 45. Qd6 Be7 46. Qxh6 Qf6 (46... Rg4
$5 {keeps an even firmer grip} 47. d6 Bxd6 48. Qxd6 Rxe4 49. g3 $19) 47. Qd2 (
47. Qxf6 {is not the saving move} Bxf6 48. h5 Rg5 $19) 47... Qd4 (47... Qxh4
$142 $5 {and Black can already relax} 48. Qa5+ Rc7 49. Rb8+ Bc8 50. Bf5 Rxg2+
51. Kxg2 Qg5+ 52. Kf1 Qxf5 53. Qd2 $19) 48. Qa5+ (48. Qxd4 {
a fruitless try to alter the course of the game} cxd4 49. h5 Bg5 $19) 48... Ke8
49. Re1 Qb4 (49... Qb4 50. Qxb4 cxb4 $19) (49... Bxh4 50. Re3 Re7 51. Bg6+ Kf8
52. Qe1 Rxe3 53. fxe3 Bxe1 54. exd4 Bg3 55. Bd3 cxd4 56. a4 Rc1+ 57. Bf1 Bxa4
58. d6 Bb5 59. d7 Rxf1#) 0-1

[Event "City of Adelaide"]
[Site "Adelaide"]
[Date "1999.08.17"]
[Round "5.4"]
[White "Yang, Song"]
[Black "Djelaj, Pasko"]
[Result "1-0"]
[WhiteElo "1387"]
[BlackElo "1701"]
[Annotator "Fritz 5.00"]
[PlyCount "100"]
[EventDate "1999.07.20"]
[EventType "swiss"]
[EventRounds "9"]
[EventCountry "AUS"]

1. e4 e5 2. f4 exf4 3. Nf3 d6 {King's Gambit (Fischer Defence)} 4. Bc4 Nd7 $146
(4... Be6 5. Bxe6 fxe6 6. d4 c6 7. Bxf4 d5 8. O-O dxe4 9. Ne5 Bd6 10. Qh5+ g6
11. Qh3 Qf6 12. Bh6 Qd8 13. Qxe6+ {
1-0 Wellinghausen,A-Reinhard,C/Dortmund op 1988/TD 88\03}) (4... Nf6 5. Nc3 Be7
6. d4 O-O 7. Bxf4 Nxe4 8. Nxe4 d5 9. Bd3 dxe4 10. Bxe4 Bd6 11. Bxd6 Qxd6 12.
O-O Nd7 13. c3 Nf6 14. Bc2 c5 15. Qd3 g6 16. Qd2 cxd4 17. Nxd4 Ng4 18. Qf4 Qxf4
19. Rxf4 Bd7 {1/2-1/2 Sanchez Almeyra,J-Braga,F/Roma op 1990/TD 90\03}) (4...
Bg4 5. d4 g5 6. h4 Nc6 7. c3 gxh4 8. Bxf4 Qf6 9. Bg5 Qg6 10. Nbd2 Nf6 11. Qb3
Bxf3 12. Qxb7 Qxg5 13. Qxc6+ Ke7 14. gxf3 Qe3+ 15. Be2 Rd8 16. Qxc7+ Rd7 17.
Qc4 Rg8 18. O-O-O Rg2 19. Rhe1 Rf2 20. Kb1 Qf4 21. Nb3 Nh5 22. Qc6 Ng3 23. Bb5
h3 24. Qxd7+ Kf6 25. Qxh3 Rxf3 26. e5+ Kg7 27. Nd2 Rf2 28. Rg1 {
1-0 Nazarenus,O-Giretti,K/Budapest FS04 IM 1996/EXP 52}) (4... Nc6 5. d4 Bg4 6.
Bxf4 Bxf3 7. gxf3 Qh4+ 8. Bg3 Qh3 9. Nc3 O-O-O 10. Bxf7 Nf6 11. d5 Qg2 12. Rf1
Ne5 13. Be6+ Kb8 14. Qe2 Nxf3+ 15. Rxf3 Qg1+ 16. Qf1 Qb6 17. O-O-O a6 18. Bf2
Qa5 19. Bg1 {Fecher,M-Goetten,C/Wiesbaden op 1988/GER 02/1-0 (37)}) (4... h6 5.
d3 g5 6. g3 g4 7. Nd4 f3 (7... Bg7 8. c3 f3 9. Qb3 Qd7 10. Bf4 Nc6 11. Nf5 Be5
12. Nd2 Na5 13. Qb4 Nxc4 14. Nxc4 Bxf4 15. gxf4 Ne7 16. Nce3 Nxf5 17. Nxf5 c5
18. Qb5 Kd8 19. Qxd7+ Kxd7 20. h3 gxh3 21. Kf2 Kc7 22. Ne3 f5 23. Kxf3 Bd7 24.
Nd5+ Kc6 25. Rag1 c4 26. Rg7 cxd3 27. Nb4+ Kc7 28. Nd5+ Kc6 29. Nb4+ Kc7 30.
Nd5+ {1/2-1/2 Gallagher,J-Flear,G/Paris-ch 1990/EXT 90ch2}) 8. c3 Nc6 (8... Nd7
9. Na3 Ne5 10. Bf4 Nxc4 11. Nxc4 Ne7 12. Qa4+ Bd7 13. Qb3 Ng6 14. Be3 Ne5 15.
O-O-O Rb8 16. Nxe5 dxe5 17. Nf5 Bxf5 18. Qb5+ Qd7 19. Qxe5+ Be6 20. Qxh8 h5 21.
Bg5 {1-0 McDonald,N-Flear,C/Hastings Challengers 1991/EXP 26}) 9. Na3 Nxd4 10.
cxd4 Bg7 11. Qb3 Qe7 12. Bf4 c6 13. Qb4 a5 14. Qb6 d5 15. Bxd5 Ra6 16. Qb3 cxd5
17. Nb5 Qb4+ 18. Qxb4 axb4 19. Nc7+ Kd8 20. Nxa6 bxa6 21. e5 Ne7 22. Rc1 Be6
23. h3 gxh3 24. Kf2 Kd7 25. Kxf3 Nc6 26. g4 Nxd4+ 27. Ke3 Nc6 28. d4 f6 29.
exf6 Bxf6 30. Rxh3 Bxg4 31. Rxh6 Bxd4+ 32. Kd3 Rxh6 33. Bxh6 Bxb2 34. Rf1 Be6
35. Bd2 a5 36. Rh1 Bf5+ 37. Ke3 Kd6 38. Rh6+ Kc5 {
0-1 Gallagher,J-Kuzmin,A/Biel op 1995/EXP 48}) 5. d4 g5 6. O-O Bg7 7. c3 h6 8.
Re1 Ne7 9. e5 $17 {White gains space} (9. b3 Ng6 $15) 9... d5 10. Bd3 Nb6 11.
b3 {Controls a4+c4} O-O 12. a4 Be6 {The bishop blocks e5} 13. Ba3 Re8 14. h4
Nf5 15. hxg5 hxg5 16. Bxf5 $19 (16. Nfd2 $5 $17) 16... Bxf5 17. Nbd2 Re6 18. a5
Nd7 19. c4 c6 20. Nh2 (20. Nf1 Rh6 21. Qd2 Be6 $19) 20... Rh6 (20... Qxa5 21.
Nhf3 Qd8 22. cxd5 cxd5 23. Nf1 $19) 21. Qf3 (21. Bb2 $5 $19) 21... Nf8 (21...
Qxa5 22. Qf2 Qb6 23. Bd6 $19) 22. cxd5 cxd5 23. Bd6 $2 (23. Bxf8 $142 Kxf8 24.
b4 $19) 23... Be6 (23... Rxd6 $142 {
and the result of the game is clear: Black will win} 24. exd6 Bxd4+ 25. Kh1
Bxa1 26. Rxa1 Qxd6 $19) 24. b4 Qd7 $17 (24... Ng6 $5 25. Rac1 $19) 25. Nb3 Ng6
(25... Qb5 26. Rec1 $17) 26. Nc5 Qe8 27. Ng4 Rh4 28. Nf6+ Bxf6 29. exf6 Rd8 $11
(29... Qd8 30. Nxe6 Qxd6 (30... fxe6 $2 31. Rxe6 Nh8 32. Qxd5 $18) 31. Nxg5
Qxf6 $19) 30. Nxb7 $15 (30. Be7 Nxe7 31. Nxe6 Nc6 32. Nxd8 Qxd8 $11) 30... Rxd6
31. Nxd6 Qd8 $15 (31... Qd7 32. Ne8 Rg4 33. Ng7 $17) 32. Rxe6 $17 (32. Nb5 a6
33. Qc3 $11) 32... fxe6 33. Qd3 {Threatening mate: Qxg6} Kh7 $11 (33... Qxf6
$142 34. Rc1 f3 35. gxf3 Nf8 $19 (35... Qxd4+ 36. Qxd4 Rxd4 37. b5 $11)) 34.
Qa6 Qxf6 {Threatening mate... how?} 35. Qxa7+ Kh6 $14 (35... Kg8 36. a6 $14)
36. Ne8 $15 (36. Rf1 $142 $5 $14 {deserves consideration}) 36... Qh8 $11 (36...
Qf8 37. Qd7 f3 (37... Qxb4 $4 {Taking that pawn is naive} 38. Qg7+ Kh5 39. Nf6#
) 38. gxf3 Rh1+ 39. Kxh1 Qxf3+ 40. Kg1 Qg3+ 41. Kf1 Qd3+ 42. Ke1 Qc3+ 43. Kd1
Qxa1+ 44. Kc2 Qa2+ 45. Kc1 Qc4+ 46. Kd1 Qxd4+ 47. Kc2 Qc4+ (47... Qxb4 48. Qg7+
Kh5 49. Nf6+ Kh4 50. Qh6+ Kg3 51. Qxg5+ (51. Qxg6 $6 Qa4+ 52. Kd3 Qa3+ 53. Ke2
Qb2+ 54. Ke1 Qc1+ 55. Ke2 Qb2+ 56. Ke1 Qc1+ 57. Ke2 Qb2+ $11) 51... Kf2 52.
Ng4+ Kf3 53. Nh2+ (53. Qxg6 $143 Qa4+ 54. Kb2 Qb4+ 55. Kc1 Qc3+ 56. Kd1 Qd4+
57. Kc2 Qa4+ 58. Kd3 Qc4+ 59. Kd2 Qb4+ 60. Kd1 Qd4+ 61. Kc2 Qa4+ $11) 53... Kf2
54. Qxg6 Qa4+ 55. Kc1 Qf4+ 56. Kb2 Qb4+ 57. Kc2 Qa4+ 58. Kd3 Qc4+ 59. Kd2 Qb4+
60. Kd1 Qd4+ 61. Kc2 Qa4+ $11) 48. Kd1 Qb3+ (48... Qxb4 49. Qg7+ Kh5 50. Nf6+
Kh4 51. Qh6+ (51. Qxg6 $6 Qb3+ 52. Ke2 Qb2+ 53. Ke3 d4+ 54. Kf3 Qa3+ 55. Kf2
Qa2+ 56. Kf3 Qa3+ 57. Kf2 Qa2+ 58. Kf3 Qa3+ $11) 51... Kg3 52. Qxg5+ (52. Qxg6
$143 Qd4+ 53. Kc2 Qc4+ 54. Kd2 Qb4+ 55. Ke2 Qb2+ 56. Ke1 Qf2+ 57. Kd1 Qd4+ 58.
Kc1 Qc3+ 59. Kb1 Qb3+ 60. Kc1 Qc3+ 61. Kd1 Qd4+ $11) 52... Kh3 53. Qh5+ Kg2 54.
Qxg6+ Kf1 55. Qd3+ Kg1 56. Qe3+ Kg2 57. Qd2+ Qxd2+ 58. Kxd2 $18) 49. Kc1 Qc3+ (
49... Qxb4 $143 50. Qg7+ Kh5 51. Nf6+ Kh4 52. Qh6+ Kg3 53. Qxg5+ (53. Qxg6 $6
Qc3+ 54. Kd1 Qa1+ 55. Ke2 Qb2+ 56. Ke1 Qc1+ 57. Ke2 Qb2+ 58. Ke1 Qc1+ 59. Ke2
Qb2+ $11) 53... Kf2 54. Ng4+ Kf3 55. Nh2+ Kf2 56. Qxg6 Qa3+ 57. Kd1 Qa1+ 58.
Kc2 Qa2+ 59. Kd1 Qa1+ 60. Kc2 Qa2+ 61. Kd1 Qa1+ $11) 50. Kd1 g4 (50... Qxb4 51.
Qg7+ Kh5 52. Nf6+ Kh4 53. Qh6+ (53. Qxg6 $6 Qb3+ 54. Ke2 Qb2+ 55. Ke3 d4+ 56.
Kf3 Qa3+ 57. Kf2 Qa2+ 58. Kf3 Qa3+ 59. Kf2 Qa2+ 60. Kf3 Qa3+ $11) 53... Kg3 54.
Qxg5+ (54. Qxg6 $143 Qd4+ 55. Kc2 Qc4+ 56. Kd2 Qb4+ 57. Ke2 Qb2+ 58. Ke1 Qf2+
59. Kd1 Qd4+ 60. Kc1 Qc3+ 61. Kb1 Qb3+ 62. Kc1 Qc3+ 63. Kd1 Qd4+ $11) 54... Kh3
55. Qh5+ Kg2 56. Qxg6+ Kf1 57. Qd3+ Kg1 58. Qe3+ Kg2 59. Qd2+ Qxd2+ 60. Kxd2
$18) 51. Qxe6 g3 52. Qh3+ Kg5 $19) 37. Qg7+ Qxg7 {Do you see the mate threat?}
38. Nxg7 Kxg7 39. a6 Rh8 40. a7 e5 (40... Ra8 41. b5 Nf8 $18) 41. a8=Q (41. b5
$142 $5 Ne7 42. dxe5 d4 $18) 41... Rxa8 42. Rxa8 {With the decisive threat b5}
exd4 43. b5 d3 44. Kf2 (44. Kf1 {seems even better} g4 45. b6 d2 $18) 44... Ne5
$2 (44... g4 45. b6 g3+ 46. Kf3 Kf6 $18) 45. b6 g4 {Black intends f3} (45... d2
{does not help much} 46. Ke2 Nc6 47. b7 $18) 46. b7 g3+ 47. Ke1 Nc6 48. b8=Q (
48. Rc8 $142 {and White wins} Nb8 {Black has to return material} 49. Rxb8 $18)
48... Nxb8 49. Rxb8 f3 50. gxf3 d2+ 1-0

[Event "City of Adelaide"]
[Site "Adelaide"]
[Date "1999.08.17"]
[Round "5.6"]
[White "Vitols, Wassim"]
[Black "Kramer, Warren"]
[Result "0-1"]
[WhiteElo "904"]
[BlackElo "1349"]
[Annotator "Fritz 5.00"]
[PlyCount "66"]
[EventDate "1999.07.20"]
[EventType "swiss"]
[EventRounds "9"]
[EventCountry "AUS"]

1. d4 Nf6 2. e3 d5 {Queen's Pawn Opening} 3. f4 (3. Bd3 e6 4. Nd2 Be7 5. f4 O-O
6. Qf3 c5 7. c3 b6 8. Ne2 Ba6 9. Bc2 Nc6 10. g4 Rc8 11. g5 Nd7 12. Qh3 g6 13.
Nf3 Bxe2 14. Kxe2 b5 15. Qg3 Re8 16. h4 Bf8 17. h5 Bg7 18. Bd2 cxd4 19. exd4
Nxd4+ 20. Nxd4 e5 21. fxe5 Bxe5 22. Qh3 Bxd4+ 23. Kd1 Qe7 24. hxg6 fxg6 25. Bd3
Be5 26. Kc2 b4 27. Rae1 bxc3 28. bxc3 Nf8 29. Bb5 Qa3 30. Rxe5 Qxa2+ 31. Kd3
Rxe5 32. Qxc8 Qb3 33. Qc5 Rf5 34. Be3 a5 35. Bc6 a4 36. Qb5 Ne6 37. Qxb3 axb3
38. Bd4 Nf4+ 39. Kd2 Rf8 40. Rb1 Ng2 41. Bxd5+ {
1-0 Klinger,J-Brod,M/Werfen op 1991/TD 91\08}) 3... g6 (3... Bf5 4. Nf3 e6 5.
Bd3 c5 6. c3 Nc6 7. O-O Bd6 8. Ne5 O-O 9. Qe2 Bxd3 10. Nxd3 Ne4 11. Nd2 c4 12.
Nf2 f5 13. Ndxe4 fxe4 14. b3 b5 15. a4 Na5 16. axb5 Nxb3 17. Ra6 Qd7 18. Qa2
Bc7 19. Rxa7 Rxa7 20. Qxa7 Rb8 21. Ba3 Qc8 22. Qa6 Qxa6 23. bxa6 Ra8 24. Ng4
Rxa6 25. Bb4 Ra4 26. f5 Nd2 27. Rd1 exf5 28. Rxd2 Ra1+ 29. Kf2 fxg4 30. g3 h5
31. Kg2 Kf7 32. Rb2 Ke6 33. Bf8 g5 34. Rb7 Kd7 35. Rb5 Ra2+ 36. Kg1 Ra5 37. Rb2
h4 38. gxh4 gxh4 39. h3 gxh3 {0-1 Mesropov,K-Kramnik,V/Moscow4 1991/TD 91\03})
4. Nf3 Bg7 5. Bd3 Nbd7 $146 (5... c5 6. c3 b6 7. Nbd2 Nc6 (7... O-O 8. Qe2 cxd4
9. exd4 Bf5 10. Bxf5 gxf5 11. Ne5 Nbd7 12. Nc6 Qc7 13. Ne5 Ne4 14. Nxe4 fxe4
15. O-O Nxe5 16. fxe5 f6 17. Qg4 Kh8 18. e6 f5 19. Rxf5 Rxf5 20. Qxf5 Qc4 21.
Qh5 Rf8 22. Bg5 Qb5 23. Rb1 Rf5 24. Qg4 Qd3 25. Re1 Rf8 26. Bxe7 Qd2 27. Bh4
Bh6 28. Qe2 Qxe2 29. Rxe2 Re8 30. e7 b5 31. Kf2 Bf4 32. b3 Bd6 33. c4 Bxe7 34.
Bxe7 Rxe7 35. cxd5 a6 36. Ke3 Kg7 37. Rf2 Rc7 38. Kxe4 Rc1 39. d6 Re1+ 40. Kd5
Rc1 {1-0 Wall,G-McDonald,N/Hastings Masters 1995/EXP 48}) 8. Ne5 Bd7 9. Ndf3
O-O 10. Bd2 Qc7 11. Qc2 c4 12. Be2 b5 13. Nxd7 Qxd7 14. Ne5 Nxe5 15. fxe5 Ne4
16. Bf3 Qb7 17. O-O f6 18. exf6 exf6 19. Bxe4 dxe4 20. Rf4 {
Serpa,P-Dutton,L/WchJW-U14 St.Lorenzo 1995/JUN 95/1/2-1/2 (34)}) (5... b6 6.
Qe2 O-O 7. O-O c5 8. c3 Bb7 9. Nbd2 (9. Bd2 Ne4 10. Be1 Nd7 11. Bh4 Ndf6 12.
Ne5 Qd6 13. g4 Nd7 14. Nd2 Nxd2 15. Qxd2 Nxe5 16. dxe5 Qd7 17. Qe2 e6 18. Bf6
c4 19. Bc2 Qc6 20. Qf3 Rab8 21. a4 Qc5 22. Qg3 a6 23. h4 Bxf6 24. exf6 Kh8 25.
Rf2 Rg8 26. h5 Rbf8 27. g5 Qc7 28. Rh2 e5 29. fxe5 Re8 30. hxg6 fxg6 31. Kf2 h5
32. Rah1 Qf7 33. Bxg6 {1-0 Markovic,G-Markovic,G/JUG-chW 1990/TD 92\07}) 9...
Nc6 10. Ng5 e6 11. b3 Nd7 12. Ndf3 Qe7 13. Nh3 Rfe8 14. Ba3 Rac8 15. Rad1 Qd8
16. Nfg5 f5 17. Rfe1 Na5 18. Bb1 Qc7 19. Rc1 Rcd8 20. Nf2 Qc8 21. Qf3 h6 22.
Ngh3 Qc7 23. g4 Rf8 24. Nh1 Rf7 25. Ng3 Nf6 26. Nf2 Ne4 27. Rc2 Bf6 28. gxf5
exf5 29. Nfxe4 dxe4 30. Qg2 Bg7 31. Rd2 c4 32. b4 Nc6 33. b5 Ne7 34. Bxe7 Qxe7
35. Qf1 Bd5 36. Rg2 Rd6 37. Qe2 Kf8 38. Rf1 Bf6 39. a4 Rg7 40. Bc2 {
Schmittdiel,E-Wittmann,W/Mitropa Cup 1995/EXP 46/0-1 (86)}) (5... c6 6. O-O Bf5
7. Qe2 Nbd7 8. Nbd2 e6 9. Ne5 Nb6 10. b3 Nc8 11. a4 a5 12. Ba3 Bf8 13. Bxf8
Kxf8 14. c4 Bxd3 15. Qxd3 Nd6 16. cxd5 cxd5 17. Rac1 Kg7 18. Rc2 Rc8 19. Rfc1
Rxc2 20. Rxc2 Qb8 21. g4 h6 22. Ndf3 Nfe4 23. Qd1 h5 24. g5 Nf5 25. Qc1 Ned6
26. Nd7 Qd8 27. Nfe5 Re8 28. Nf6 Re7 29. Kf2 Qb6 30. Qb2 Rc7 31. Nd3 Rxc2+ 32.
Qxc2 Qa6 33. Ne5 Qf1+ 34. Kxf1 Nxe3+ 35. Ke2 Nxc2 36. Kd3 Nb4+ 37. Kc3 Kf8 38.
Nfd7+ Ke7 39. Nc5 b6 40. Ncd7 {
Pinnel,P-Weise,M/Dortmund op 1987/TD 87\03/1-0 (59)}) 6. O-O O-O $11 (6... c5
7. c4 $15) 7. Nc3 c5 8. dxc5 Nxc5 9. Bd2 Bg4 10. h3 Bxf3 11. Qxf3 Nxd3 $11 (
11... e6 12. Be1 $15) 12. cxd3 {Controls e4} d4 13. Ne4 $15 (13. exd4 Qxd4+ 14.
Be3 Qxd3 $15) 13... Nxe4 $11 (13... dxe3 14. Bxe3 Qxd3 15. Nc3 $17) 14. dxe4
$15 (14. Qxe4 Qb6 $11) 14... d3 {Pushes the passed pawn} 15. e5 {
This push gains space} Qb6 (15... Qd7 16. Bc3 $11) 16. Bc3 Rfd8 17. Bd4 Qb5 18.
Rfd1 Rac8 19. Qf1 Rc2 {'the rook is the rook!'} 20. Qxd3 Qc6 (20... Rxb2 21.
Qxb5 Rxb5 22. Bxa7 Rxd1+ 23. Rxd1 $16) 21. Qf1 $14 (21. Rd2 Rxd2 22. Qxd2 a6
$16) 21... Rc8 22. Bxa7 $15 (22. Rd3 $142 $14 {is the best option White has})
22... b6 23. Rd3 Qb7 24. Ra3 Rxb2 25. Rb1 (25. Qf3 Qxf3 26. gxf3 $19) 25...
Rcc2 $4 $16 {hands over the advantage to the opponent} (25... Rxb1 $142 26.
Qxb1 Ra8 $19) 26. Rxb2 {Exerts pressure on the isolated pawn} Rxb2 27. Qf3 Qc7
28. Qa8+ (28. Ra6 h6 $16) 28... Bf8 29. Bb8 Qc1+ 30. Kh2 Rb1 31. Qe4 $4 $19 {
there were better ways to keep up the pressure} (31. e6 $142 {
would be a reprieve} fxe6 32. Be5 $11) 31... Qg1+ $4 $11 {
forfeits the clear win} (31... Qh1+ $142 {ends the debate} 32. Kg3 Qe1+ 33. Kh2
h5 $19) 32. Kg3 Qe1+ 33. Kg4 (33. Kh2 h5 34. e6 $19) 33... f5+ $11 (33... f5+
34. exf6 h5+ 35. Kf3 Qd1+ 36. Kg3 Qe1+ 37. Kh2 Qh1+ 38. Kg3 Qe1+ 39. Kh2 Qh1+
40. Kg3 Qe1+ $11) (33... h5+ $142 {and Black wins} 34. Kf3 Rb2 $19) 0-1